<?xml version="1.0" encoding="UTF-8"?>
<record
    xmlns:xsi="http://www.w3.org/2001/XMLSchema-instance"
    xsi:schemaLocation="http://www.loc.gov/MARC21/slim http://www.loc.gov/standards/marcxml/schema/MARC21slim.xsd"
    xmlns="http://www.loc.gov/MARC21/slim">

  <leader>     nam a22     7a 4500</leader>
  <datafield tag="999" ind1=" " ind2=" ">
    <subfield code="c">153159</subfield>
    <subfield code="d">153157</subfield>
  </datafield>
  <controlfield tag="005">20191127123448.0</controlfield>
  <controlfield tag="008">191127b        ec ||||| |||| 00| 0 spa d</controlfield>
  <datafield tag="020" ind1=" " ind2=" ">
    <subfield code="a">9978550321</subfield>
  </datafield>
  <datafield tag="050" ind1="0" ind2="4">
    <subfield code="a">P96.T42</subfield>
    <subfield code="b">F88 2002</subfield>
  </datafield>
  <datafield tag="245" ind1="0" ind2="3">
    <subfield code="a">El futuro de los diarios</subfield>
    <subfield code="c">/ Edgar Jaramillo S....[et al.].</subfield>
  </datafield>
  <datafield tag="250" ind1=" " ind2=" ">
    <subfield code="a">1a ed.</subfield>
  </datafield>
  <datafield tag="260" ind1=" " ind2=" ">
    <subfield code="a">Quito, Ecuador :</subfield>
    <subfield code="b">Quipus CIESPAL,</subfield>
    <subfield code="c">2002.</subfield>
  </datafield>
  <datafield tag="300" ind1=" " ind2=" ">
    <subfield code="a">158 p. ;</subfield>
    <subfield code="c">21 cm.</subfield>
  </datafield>
  <datafield tag="650" ind1=" " ind2="7">
    <subfield code="2">lemb</subfield>
    <subfield code="a">Medios masivos de comunicaci&#xF3;n</subfield>
    <subfield code="x">Innovaciones tecnol&#xF3;gicas</subfield>
    <subfield code="z">Am&#xE9;rica Latina</subfield>
  </datafield>
  <datafield tag="650" ind1=" " ind2="4">
    <subfield code="a">Publicaci&#xF3;n de peri&#xF3;dicos</subfield>
    <subfield code="x">Tecnolog&#xED;a</subfield>
    <subfield code="z">Am&#xE9;rica Latina</subfield>
  </datafield>
  <datafield tag="700" ind1="1" ind2=" ">
    <subfield code="a">Jaramillo S., Edgar,</subfield>
    <subfield code="e">autor</subfield>
    <subfield code="e">editor</subfield>
  </datafield>
  <datafield tag="700" ind1="1" ind2=" ">
    <subfield code="a">Mantilla, Guadalupe,</subfield>
    <subfield code="e">autor</subfield>
  </datafield>
  <datafield tag="700" ind1="1" ind2=" ">
    <subfield code="a">Rodr&#xED;guez, Juan Manuel,</subfield>
    <subfield code="e">autor</subfield>
  </datafield>
  <datafield tag="942" ind1=" " ind2=" ">
    <subfield code="2">lcc</subfield>
    <subfield code="c">LIB</subfield>
  </datafield>
  <datafield tag="952" ind1=" " ind2=" ">
    <subfield code="1">0</subfield>
    <subfield code="2">lcc</subfield>
    <subfield code="4">0</subfield>
    <subfield code="7">0</subfield>
    <subfield code="a">POS-042</subfield>
    <subfield code="b">POS-042</subfield>
    <subfield code="c">CEV</subfield>
    <subfield code="d">2019-11-27</subfield>
    <subfield code="e">DON</subfield>
    <subfield code="f">1a ed.</subfield>
    <subfield code="k">EH</subfield>
    <subfield code="o">P96.T42 F88 2002</subfield>
    <subfield code="p">BPD000000979</subfield>
    <subfield code="r">2019-11-27 00:00:00</subfield>
    <subfield code="t">1</subfield>
    <subfield code="v">1.00</subfield>
    <subfield code="y">LIB</subfield>
  </datafield>
  <datafield tag="952" ind1=" " ind2=" ">
    <subfield code="1">0</subfield>
    <subfield code="2">lcc</subfield>
    <subfield code="4">0</subfield>
    <subfield code="7">0</subfield>
    <subfield code="a">POS-042</subfield>
    <subfield code="b">POS-042</subfield>
    <subfield code="c">CEV</subfield>
    <subfield code="d">2019-11-27</subfield>
    <subfield code="e">DON</subfield>
    <subfield code="f">1a ed.</subfield>
    <subfield code="k">EH</subfield>
    <subfield code="o">P96.T42 F88 2002</subfield>
    <subfield code="p">BPD000000980</subfield>
    <subfield code="r">2019-11-27 00:00:00</subfield>
    <subfield code="t">2</subfield>
    <subfield code="v">1.00</subfield>
    <subfield code="y">LIB</subfield>
  </datafield>
</record>
